Po schodech nahoru dolů /

Uloženo v:
Hlavní autor: Simukka, Salla, 1981- (Autor)
Další autoři: Ahonen, JP, 1981- (Autor), Sandqvist, Johana (Ilustrátor)
Médium: Kniha
Jazyk:Czech
Vydáno: Praha : Portál, 2026
Vydání:Vydání první
Témata:
Celkem bylo vypůjčeno:0x
Tagy:
Žádné tagy
LEADER 01699cam a2200433 i 4500
001 106706
003 CZ PrNK
005 20260701134237.0
007 ta
008 260527s2026 xr a b 000 j cze d
015 |a cnb003767650 
020 |a 9788026224013  |q (brožováno) :  |c Kč 359.00 
040 |a KLG001  |b cze  |e rda 
041 1 |a cze  |h fin 
072 7 |a 821.51  |x Uraloaltajské literatury  |2 Konspekt  |9 25 
072 7 |a 821-93  |x Literatura pro děti a mládež (beletrie)  |2 Konspekt  |9 26 
080 |a 821.511.111-32  |2 MRF 
080 |a 821-93  |2 MRF 
080 |a (0:82-322.9)  |2 MRF 
100 1 |a Simukka, Salla,  |d 1981-  |7 xx0181477  |4 aut  |9 117554 
240 1 0 |a Poika ullakolla, poika kellarissa.  |l Česky 
245 1 0 |a Po schodech nahoru dolů /  |c Salla Simukka ; ilustrace JP Ahonen ; z finského originálu Poika ullakolla, poika kellarissa přeložila Johana Sandqvist 
250 |a Vydání první 
264 1 |a Praha :  |b Portál,  |c 2026 
300 |a 190 stran :  |b ilustrace ;  |c 21 cm 
336 |a text  |b txt  |2 rdacontent 
337 |a bez média  |b n  |2 rdamedia 
338 |a svazek  |b nc  |2 rdacarrier 
521 8 |a Pro děti od 8 let 
655 7 |a finské příběhy  |7 fd184213  |2 czenas  |9 54259 
655 7 |a fantasy příběhy  |7 fd184198  |2 czenas  |9 54249 
655 7 |a publikace pro děti  |7 fd133156  |2 czenas  |9 23 
700 1 |a Ahonen, JP,  |d 1981-  |7 xx0246258  |4 ill  |9 117555 
700 1 |a Sandqvist, Johana  |7 xx0190913  |4 trl  |9 110889 
710 2 |a Portál (nakladatelství)  |7 ko2003199531  |4 pbl  |9 117200 
910 |a UOG502 
942 |2 ddc  |c KN 
999 |d 106706 
993 |0 0  |1 421180107434  |2 ddc  |4 0  |6 M_I  |7 0  |9 100212  |b 0  |c 107434  |d 2026-07-01  |e 0  |f DOSP  |g M/I  |h 359.00  |i Koupě  |l M  |r 2026-07-02  |t 8  |w 2026-07-01  |y KN  |z BELET  |n